| 000 | 02246cam a2200397 a 4500 | ||
|---|---|---|---|
| 001 | 2823 | ||
| 003 | FISKH | ||
| 005 | 20240116110102.0 | ||
| 008 | 020103s2001 at ac b 001 0ceng d | ||
| 010 | _a 2002327177 | ||
| 020 | _a0732268265 | ||
| 020 | _a0732268680 (pbk.) | ||
| 035 | _a000022851767 | ||
| 040 |
_aANL _beng _cANL _dNRYD _dNRAND _dAPLS _dDLC |
||
| 042 | _alccopycat | ||
| 043 |
_ae------ _au-at--- |
||
| 050 | 0 | 0 |
_aD809.A8 _bA76 2001 |
| 082 | 0 | 0 |
_a940.53/086/91 _221 |
| 100 | 1 |
_aArmstrong, Diane, _d1939- |
|
| 245 | 1 | 4 |
_aThe voyage of their life : _bthe story of the SS Derna and its passengers / _cDiane Armstrong. |
| 260 |
_aSydney, NSW : _bFlamingo, _c2001. |
||
| 300 |
_aix, 483, [1] pages, [32] pages of plates : _billustrations, portraits ; _c25 cm. |
||
| 500 | _aIncludes index. | ||
| 504 | _aBibliography: p. [484]. | ||
| 520 | _aIn August 1948, 545 passengers boarded an overcrowded, clapped-out vessel in Marseilles to face an uncertain future in Australia and New Zealand. They came from displaced persons camps in Germany, death camps in Poland, labour camps in Hungary, gulags in Siberia and stony Aegean islands. There were those who had been hunted by the Nazis and those who had welcomed them; those who had followed the Communists and those who had fled them. Diane Armstrong set sail on the Derna with her parents when she was nine years old. Like a detective searching for clues, she has located over a hundred of the passengers. Through their recollections and memorabilia, as well as archival documents, she has recreated the voyage and traced what became of their hopes and dreams. The result is the unique portrayal of a migrant ship and its passengers. | ||
| 600 | 1 | 0 |
_aArmstrong, Diane, _d1939- _xTravel _zAustralia. |
| 650 | 0 |
_aWorld War, 1939-1945 _xRefugees. |
|
| 650 | 0 |
_aJewish refugees _zAustralia _vBiography. |
|
| 650 | 0 |
_aImmigrants _zAustralia _vBiography. |
|
| 650 | 0 | _aVoyages and travels. | |
| 651 | 0 |
_aEurope _xEmigration and immigration. |
|
| 651 | 0 |
_aAustralia _xEmigration and immigration. |
|
| 906 |
_a7 _bcbc _ccopycat _d3 _encip _f20 _gy-gencatlg |
||
| 942 |
_2ddc _cBK _n0 |
||
| 999 |
_c2823 _d2823 |
||